Pensamiento educativo en la universidad. Volumen 4, Vida y testimonios de maestros /

Detalles Bibliográficos
Otros Autores: Cabra-Torres, Fabiola (Editor)
Formato: Electrónico eBook
Lenguaje:español
Publicado: Bogotá, D.C. : Editorial Pontificia Universidad Javeriana, [2023]
Edición:Primera edición.
Materias:
Acceso en línea:Digitalia Hispánica

MARC

LEADER 00000nam a2200000 i 4500
001 DIGEPUJ0462
003 NyNyDIG
007 cr |||||||||||
008 241212s2023 ck ao ob 000 0 spa d
006 m o d
035 |a (OCoLC)1478437989 
040 |a DGITA  |b eng  |e rda  |e pn  |c DGITA 
020 |a 9789587818727  |q (digital) 
020 |z 9789587818710  |q (impreso) 
024 7 |a 10.11144/Javeriana.9789587818727  |2 doi 
043 |a s-ck--- 
050 1 4 |a LA568 ebook 
245 0 0 |a Pensamiento educativo en la universidad.  |n Volumen 4,  |p Vida y testimonios de maestros /  |c Fabiola Cabra-Torres, editora académica. 
250 |a Primera edición. 
264 1 |a Bogotá, D.C. :  |b Editorial Pontificia Universidad Javeriana,  |c [2023] 
300 |a 1 online resource :  |b illustrations, photographs. 
336 |a text  |b txt  |2 rdacontent 
337 |a computer  |b c  |2 rdamedia 
338 |a online resource  |b cr  |2 rdacarrier 
347 |a text file  |2 rdaft 
347 |b PDF 
347 |b EPUB 
500 |a "Pontificia Universidad Javeriana, Facultad de Educación". 
504 |a Includes bibliographical references. 
588 0 |a Online resource; title from ePub title page (Digitalia, viewed December 12, 2024) 
650 0 |a Education, Higher  |z Colombia  |x History. 
650 0 |a College teachers  |z Colombia  |v Interviews. 
700 1 |a Cabra-Torres, Fabiola,  |e editor. 
791 2 |a Digitalia (Firm),  |e distributor. 
793 0 |g Digitalia eBook Collection:  |a Pontificia Universidad Javeriana 
776 0 8 |i Print version:  |t Pensamiento educativo en la universidad. Volumen 4, Vida y testimonios de maestros.  |b Primera edición.  |d Bogotá, D.C. : Editorial Pontificia Universidad Javeriana, [2023]  |z 9789587818710 
856 4 0 |3 Digitalia Hispánica  |u https://www.digitaliapublishing.com/a/160906/ 
910 |a Premium collection: 2024